[Event "Ïåðâåíñòâî Ìîñêâû "]
[Site "ÐœÐ¾Ñ�ÐºÐ²Ð°, ÐœÐ“Ð˜ÐœÐž Ð¿Ñ€."]
[Date "2018.11.23"]
[Round "7.16"]
[White "Sednev, Aleksey N"]
[Black "Nasyrov, Anton"]
[Result "0-1"]
[WhiteElo "1293"]
[BlackElo "1738"]
[PlyCount "198"]
[EventDate "2018.11.18"]

1. d4 f5 2. Nc3 Nf6 3. Bg5 d5 4. Bxf6 exf6 5. e3 Be6 6. Bd3 g6 7. Qf3 Bg7 8.
O-O-O c6 9. Nge2 b5 10. Nf4 Bf7 11. g4 fxg4 12. Qxg4 Qd7 13. Qg3 Qd6 14. h4 a5
15. Rhe1 Bh6 16. Kb1 a4 17. Bxb5 cxb5 18. Nxb5 Qc6 19. Nxd5 Bxd5 20. Nc7+ Kf8
21. Nxa8 Qxa8 22. Qd6+ Kg7 23. e4 Bf7 24. e5 fxe5 25. dxe5 Qc6 26. e6 Qxd6 27.
Rxd6 Re8 28. c4 Bf4 29. Rb6 Nd7 30. Rb7 Rxe6 31. Rxe6 Bxe6 32. c5 Bf5+ 33. Ka1
Kg8 34. c6 Nc5 35. Ra7 Ne6 36. Rxa4 Bc7 37. a3 Kf7 38. b4 Bd3 39. Ra7 Bb5 40.
Kb2 Bxc6 41. a4 Ke8 42. b5 Bd7 43. Ra8+ Ke7 44. Kb3 Bb6 45. a5 Bxa5 46. Rxa5
Bxb5 47. Ra7+ Bd7 48. Kc4 Kd6 49. Ra6+ Ke5 50. Ra7 Kd6 51. Ra6+ Ke5 52. Ra5+
Kf6 53. h5 g5 54. Ra7 Nf8 55. Ra6+ Be6+ 56. Kd4 g4 57. Ke4 Kg5 58. Ra5+ Kf6 59.
Ra6 Nd7 60. Kf4 h6 61. f3 Nc5 62. Rd6 gxf3 63. Kxf3 Kg5 64. Rb6 Bg4+ 65. Ke3
Ne6 66. Rb5+ Bf5 67. Re5 Ng7 68. Kf3 Nxh5 69. Ra5 Nf6 70. Kg2 h5 71. Kh2 h4 72.
Rb5 Kg4 73. Rb4+ Be4 74. Kg1 Kg3 75. Rb3+ Bf3 76. Ra3 h3 77. Ra2 Ne4 78. Rg2+
Kh4 79. Rg8 Nd2 80. Rh8+ Kg3 81. Rxh3+ Kxh3 82. Kf2 Kg4 83. Ke3 Nb3 84. Kd3 Bd5
85. Kc3 Kf4 86. Kd3 Ke5 87. Kc3 Ke4 88. Kb4 Kd4 89. Kb5 Nc5 90. Kb6 Ne6 91. Kb5
Kc3 92. Kb6 Kb4 93. Ka7 Kb5 94. Kb8 Kb6 95. Kc8 Bc6 96. Kb8 Bd7 97. Ka8 Nc7+
98. Kb8 Na6+ 99. Ka8 Bc6# 0-1

[Event "Ïåðâåíñòâî Ìîñêâû "]
[Site "ÐœÐ¾Ñ�ÐºÐ²Ð°, ÐœÐ“Ð˜ÐœÐž Ð¿Ñ€."]
[Date "2018.11.23"]
[Round "7.17"]
[White "Rustamov, Sezqin"]
[Black "Listov, Tikhon"]
[Result "1-0"]
[WhiteElo "1638"]
[BlackElo "1243"]
[PlyCount "78"]
[EventDate "2018.11.18"]

1. d4 Nf6 2. c4 g6 3. Nc3 Bg7 4. e4 d6 5. Nge2 Nbd7 6. g3 O-O 7. Bg2 c5 8. O-O
cxd4 9. Nxd4 Ne5 10. b3 Nfd7 11. Bb2 Qb6 12. Nd5 Qd8 13. f4 Nc6 14. Nxc6 bxc6
15. Bxg7 Kxg7 16. Ne3 Qb6 17. Qe2 Nf6 18. Kh1 e5 19. fxe5 dxe5 20. c5 Qa5 21.
Qf2 Qd8 22. Rad1 Qe7 23. Rd6 Nd7 24. Rxc6 Kg8 25. Nd5 Qg5 26. Rc7 f5 27. exf5
Rxf5 28. Qe3 Rxf1+ 29. Bxf1 Qxe3 30. Nxe3 Nf6 31. Bc4+ Kh8 32. Nd5 Ne4 33. Kg2
Bf5 34. Ne3 Bc8 35. Bd5 Rb8 36. Bxe4 a6 37. c6 Be6 38. Bd5 Bf5 39. Nxf5 gxf5
1-0

[Event "Ïåðâåíñòâî Ìîñêâû "]
[Site "ÐœÐ¾Ñ�ÐºÐ²Ð°, ÐœÐ“Ð˜ÐœÐž Ð¿Ñ€."]
[Date "2018.11.23"]
[Round "7.18"]
[White "Dorofeev, Fedor"]
[Black "Kushnarenko, Egor"]
[Result "0-1"]
[WhiteElo "1511"]
[BlackElo "1722"]
[PlyCount "164"]
[EventDate "2018.11.18"]

1. e4 c5 2. Nf3 e6 3. d3 Nc6 4. Nc3 d5 5. g3 Nf6 6. e5 Nd7 7. Bf4 a6 8. a4 Be7
9. h4 h6 10. Bg2 Qb6 11. Rb1 Qa5 12. O-O b5 13. axb5 axb5 14. Re1 Nf8 15. Bd2
b4 16. Ne2 Qc7 17. d4 c4 18. c3 Nd7 19. Bf4 Nb6 20. b3 cxb3 21. cxb4 Bxb4 22.
Bd2 Be7 23. Rxb3 Nc4 24. Bc3 O-O 25. Nd2 Ba6 26. Nf4 Nxd2 27. Qxd2 Bc4 28. Rb2
Ba3 29. Rbb1 Rfb8 30. Nd3 Bxd3 31. Qxd3 Bb4 32. Rec1 Ra3 33. Ra1 Rxc3 34. Rxc3
Bxc3 35. Qxc3 Qb6 36. Rd1 Qb3 37. Qxb3 Rxb3 38. Bf1 Rb4 39. f4 Nxd4 40. Kf2 Nf5
41. Rd3 Rb2+ 42. Kf3 Kf8 43. Bh3 Ne7 44. g4 Nc6 45. Rc3 Rb6 46. Bf1 Ke7 47. Bd3
Kd7 48. g5 hxg5 49. hxg5 g6 50. Bc2 Nd4+ 51. Ke3 Rb4 52. Bd1 Nc6 53. Rd3 Re4+
54. Kf3 Nd4+ 55. Kg3 Nb5 56. Bf3 Rb4 57. Be2 Nd4 58. Bd1 Rc4 59. Bb3 Rb4 60.
Bd1 Nb5 61. Kf3 Rc4 62. Bb3 Rc3 63. Rxc3 Nxc3 64. Ke3 Kc6 65. Kd3 Nb5 66. Ba4
Kc5 67. Bd1 Kb4 68. Bf3 Na3 69. Bg2 Nc4 70. Bf3 Kc5 71. Be2 Na5 72. Bd1 Kb4 73.
Bf3 Nc6 74. Bg2 Kc5 75. Bf3 Nb4+ 76. Ke3 d4+ 77. Kd2 Nd5 78. f5 exf5 79. Bd1
Ne3 80. Bb3 Nc4+ 81. Ke2 Nxe5 82. Kf2 Kb4 0-1

[Event "Ïåðâåíñòâî Ìîñêâû "]
[Site "ÐœÐ¾Ñ�ÐºÐ²Ð°, ÐœÐ“Ð˜ÐœÐž Ð¿Ñ€."]
[Date "2018.11.23"]
[Round "7.19"]
[White "Davidyan, Vladimir"]
[Black "Ratataev, Ilya"]
[Result "0-1"]
[WhiteElo "1309"]
[BlackElo "1425"]
[PlyCount "78"]
[EventDate "2018.11.18"]

1. e4 c5 2. Nf3 e6 3. d4 cxd4 4. Nxd4 Nc6 5. Nc3 a6 6. Be2 Be7 7. Be3 d6 8. f4
Nf6 9. O-O O-O 10. Qe1 Qc7 11. Qg3 Nxd4 12. Bxd4 b5 13. Bd3 Bb7 14. Rae1 Bc6
15. e5 Nh5 16. Qg4 g6 17. Qe2 dxe5 18. Qxe5 Qxe5 19. Bxe5 Bc5+ 20. Kh1 f5 21.
Ne2 Nf6 22. Bxf6 Rxf6 23. Ng1 Bd4 24. c3 Bxg1 25. Kxg1 Rd8 26. Rd1 h6 27. Bc2
Rff8 28. Bb3 Kf7 29. Kf2 g5 30. g3 gxf4 31. gxf4 Rg8 32. Rg1 Rxg1 33. Kxg1 Rg8+
34. Kf1 Ke7 35. Rd2 a5 36. Bc2 a4 37. b3 a3 38. Bd1 Be4 39. Re2 Bd3 0-1

[Event "Ïåðâåíñòâî Ìîñêâû "]
[Site "ÐœÐ¾Ñ�ÐºÐ²Ð°, ÐœÐ“Ð˜ÐœÐž Ð¿Ñ€."]
[Date "2018.11.23"]
[Round "7.20"]
[White "Bagdasarian, Roman"]
[Black "Nabatyan, Mikael"]
[Result "1/2-1/2"]
[WhiteElo "1413"]
[BlackElo "1206"]
[PlyCount "82"]
[EventDate "2018.11.18"]

1. c4 c5 2. Nc3 d6 3. g3 Nf6 4. Bg2 Nc6 5. e3 g6 6. Nge2 Bg7 7. d4 cxd4 8. exd4
O-O 9. O-O Bf5 10. a3 e5 11. dxe5 dxe5 12. Be3 Bd3 13. c5 Ng4 14. Rc1 Nxe3 15.
fxe3 e4 16. Nxe4 Bxe4 17. Bxe4 Bxb2 18. Rb1 Bxa3 19. Rxb7 Qxd1 20. Rxd1 Rac8
21. Nd4 Nxd4 22. exd4 a5 23. Rb3 Bb4 24. c6 Rfe8 25. Bf3 Bd6 26. Ra1 Bb4 27.
Rd3 Re7 28. d5 Rd8 29. Rdd1 Rd6 30. g4 f5 31. gxf5 gxf5 32. Ra2 Rg6+ 33. Rg2
Rxg2+ 34. Kxg2 Bd6 35. h3 a4 36. Kf2 Rc7 37. Rd2 a3 38. Bg2 Kf7 39. Bf1 Kf6 40.
Ba6 Ra7 41. Bc4 Re7 1/2-1/2

[Event "Ïåðâåíñòâî Ìîñêâû "]
[Site "ÐœÐ¾Ñ�ÐºÐ²Ð°, ÐœÐ“Ð˜ÐœÐž Ð¿Ñ€."]
[Date "2018.11.23"]
[Round "7.21"]
[White "Kozlov, Kirill"]
[Black "Korshunov, Sergey A"]
[Result "1/2-1/2"]
[WhiteElo "1559"]
[BlackElo "1229"]
[PlyCount "52"]
[EventDate "2018.11.18"]

1. d4 Nf6 2. c4 e6 3. Nf3 b6 4. g3 Bb7 5. Bg2 Be7 6. O-O O-O 7. b3 d6 8. Bb2 c5
9. dxc5 bxc5 10. Nc3 h6 11. e3 Qc7 12. Qc2 Nbd7 13. e4 Rfd8 14. Nd2 Ne5 15. Ne2
Nc6 16. a3 e5 17. Rfd1 Bc8 18. Nf1 Be6 19. Ne3 Nd4 20. Nxd4 cxd4 21. Nd5 Bxd5
22. exd5 Rab8 23. Rab1 Qd7 24. Bc1 Rdc8 25. Qd3 a5 26. Qe2 Bf8 {çàïèñü íå ÿñíà}
1/2-1/2

[Event "Ïåðâåíñòâî Ìîñêâû "]
[Site "ÐœÐ¾Ñ�ÐºÐ²Ð°, ÐœÐ“Ð˜ÐœÐž Ð¿Ñ€."]
[Date "2018.11.23"]
[Round "7.22"]
[White "Matevosyan, Matevos"]
[Black "Kalita, Daniil"]
[Result "1-0"]
[WhiteElo "1499"]
[BlackElo "1597"]
[PlyCount "97"]
[EventDate "2018.11.18"]

1. d4 d5 2. c4 e6 3. Nf3 Nf6 4. g3 b6 5. Bg2 Bb7 6. O-O Be7 7. Qc2 Nbd7 8. Bf4
O-O 9. Nbd2 c5 10. dxc5 Nxc5 11. Rfd1 Bd6 12. Bxd6 Qxd6 13. cxd5 Bxd5 14. e4
Nfxe4 15. Nxe4 Bxe4 16. Rxd6 Bxc2 17. b4 Ne4 18. Rd4 f5 19. Ne1 Rac8 20. Nxc2
Rxc2 21. f4 Nc3 22. Rd7 Nxa2 23. b5 Rfc8 24. Bc6 Rc1+ 25. Rxc1 Nxc1 26. Rxa7
Ne2+ 27. Kf2 Nd4 28. Bd7 Rd8 29. Ke3 Kf8 30. Rb7 Ke7 31. Bc6+ Kf6 32. Rxb6 Rd6
33. Ra6 Nc2+ 34. Ke2 Nb4 35. Bb7 Rd7 36. Ra4 Rxb7 37. Rxb4 Rb6 38. Kd3 e5 39.
Kc4 e4 40. Kc5 Rb8 41. Kc6 e3 42. Rb1 e2 43. b6 Re8 44. b7 h6 45. Re1 Re6+ 46.
Kc7 Re7+ 47. Kb8 Re3 48. Kc7 Ke7 49. b8=Q 1-0

[Event "Ïåðâåíñòâî Ìîñêâû "]
[Site "ÐœÐ¾Ñ�ÐºÐ²Ð°, ÐœÐ“Ð˜ÐœÐž Ð¿Ñ€."]
[Date "2018.11.23"]
[Round "7.23"]
[White "Pankin, Pavel"]
[Black "Fedorov, Georgy"]
[Result "1/2-1/2"]
[WhiteElo "1497"]
[BlackElo "1313"]
[PlyCount "81"]
[EventDate "2018.11.18"]

1. d4 d5 2. c4 e5 3. dxe5 d4 4. a3 Nc6 5. e3 Bf5 6. Nf3 dxe3 7. Qxd8+ Rxd8 8.
Bxe3 Nge7 9. h3 Ng6 10. Nc3 a6 11. g4 Be6 12. Ng5 Ngxe5 13. Nxe6 fxe6 14. f4
Ng6 15. Bg2 Na5 16. Bf1 Nb3 17. Rd1 Bd6 18. Ne2 Nc5 19. b4 Nd7 20. c5 Be7 21.
Bg2 c6 22. O-O O-O 23. Nd4 Nxc5 24. bxc5 Bxc5 25. Rfe1 Nxf4 26. Nc2 Nxg2 27.
Kxg2 Bxe3 28. Nxe3 b5 29. Rxd8 Rxd8 30. Rd1 Rxd1 31. Nxd1 c5 32. Nb2 c4 33. Kf2
Kf7 34. Ke3 Kf6 35. h4 Ke5 36. Nd1 a5 37. Nc3 b4 38. axb4 axb4 39. Na2 b3 40.
Nc3 h5 41. gxh5 1/2-1/2

[Event "Ïåðâåíñòâî Ìîñêâû "]
[Site "ÐœÐ¾Ñ�ÐºÐ²Ð°, ÐœÐ“Ð˜ÐœÐž Ð¿Ñ€."]
[Date "2018.11.23"]
[Round "7.24"]
[White "Solozhenkin, Sevastyan"]
[Black "Schipitsin, Mikhail"]
[Result "1-0"]
[WhiteElo "1533"]
[BlackElo "1332"]
[PlyCount "57"]
[EventDate "2018.11.18"]

1. e4 Nf6 2. e5 Nd5 3. d4 d6 4. Nf3 Nc6 5. c4 Nb6 6. exd6 exd6 7. Nc3 Bg4 8.
Be3 Be7 9. b3 O-O 10. Be2 Bf6 11. Ne4 h6 12. Nxf6+ Qxf6 13. O-O Rfe8 14. h3
Bxf3 15. Bxf3 a5 16. Qd2 a4 17. Rac1 axb3 18. axb3 Ra3 19. d5 Ne5 20. Bd1 Rea8
21. f4 Ra2 22. fxe5 Qg6 23. Rc2 Ra1 24. Bxb6 cxb6 25. exd6 Qxd6 26. Qf2 f6 27.
Bg4 Qe5 28. Rcc1 R8a2 29. Qxb6 1-0

[Event "Ïåðâåíñòâî Ìîñêâû "]
[Site "ÐœÐ¾Ñ�ÐºÐ²Ð°, ÐœÐ“Ð˜ÐœÐž Ð¿Ñ€."]
[Date "2018.11.24"]
[Round "8.1"]
[White "Mishuris, Matvey"]
[Black "Vasilyev, Alexey"]
[Result "1/2-1/2"]
[WhiteElo "1997"]
[BlackElo "1995"]
[PlyCount "111"]
[EventDate "2018.11.18"]

1. d4 Nf6 2. Nf3 e6 3. c4 Bb4+ 4. Bd2 c5 5. Bxb4 cxb4 6. g3 O-O 7. Bg2 d6 8.
O-O Nc6 9. a3 bxa3 10. Rxa3 e5 11. d5 Nb4 12. Nc3 Bd7 13. Nd2 Qc7 14. Qb3 a5
15. Rfa1 b6 16. Rc1 h6 17. Raa1 Rac8 18. h3 Ne8 19. e4 f5 20. Ne2 Nf6 21. exf5
Bxf5 22. Rc3 Qf7 23. f4 Nd7 24. Rf1 Qg6 25. g4 Bd3 26. Qd1 Rce8 27. f5 Qg5 28.
Ne4 Bxe4 29. Bxe4 h5 30. Rg3 h4 31. Rgf3 Nf6 32. Nc3 Na6 33. Qc1 Nh7 34. Qe1
Qf6 35. Re3 Rc8 36. Bd3 Nc5 37. Ne4 Nxe4 38. Rxe4 Ng5 39. Re3 Rfe8 40. Kh1 e4
41. b3 Re5 42. Bc2 Nf7 43. Bd1 Rce8 44. Rf4 R5e7 45. Rexe4 Rxe4 46. Rxe4 Rxe4
47. Qxe4 Qa1 48. Qe8+ Kh7 49. Qe1 Ne5 50. f6 Qc1 51. Qxh4+ Kg8 52. f7+ Kxf7 53.
Qf2+ Kg8 54. Qf1 Qe3 55. Bc2 g6 56. Bd1 1/2-1/2

[Event "Ïåðâåíñòâî Ìîñêâû "]
[Site "ÐœÐ¾Ñ�ÐºÐ²Ð°, ÐœÐ“Ð˜ÐœÐž Ð¿Ñ€."]
[Date "2018.11.24"]
[Round "8.2"]
[White "Knjazev, Artem"]
[Black "Tarasov, Danila"]
[Result "1-0"]
[WhiteElo "1829"]
[BlackElo "1852"]
[PlyCount "179"]
[EventDate "2018.11.18"]

1. e4 d5 2. exd5 Nf6 3. c4 c6 4. d4 cxd5 5. Nf3 Bg4 6. Be3 e6 7. Bd3 Nc6 8. O-O
Be7 9. h3 Bh5 10. a3 O-O 11. Nbd2 dxc4 12. Bxc4 Nd5 13. Qc2 Rc8 14. Qd3 Bg6 15.
Qe2 Bf6 16. Bd3 Nde7 17. Bxg6 hxg6 18. Nb3 Nf5 19. Rfd1 Qd5 20. Rd3 Rfd8 21.
Rad1 Na5 22. Nxa5 Qxa5 23. Bd2 Qb5 24. Bc3 Rd5 25. R3d2 Qxe2 26. Rxe2 Rcd8 27.
Red2 Nd6 28. g4 b6 29. Re1 Nb5 30. Red1 Rc8 31. Rd3 Nxc3 32. Rxc3 Rxc3 33. bxc3
Ra5 34. Ra1 b5 35. Ne5 Ra4 36. Nc6 a6 37. Nb8 Be7 38. Kf1 Bd6 39. Nc6 Rc4 40.
Nb4 a5 41. Na2 Bxa3 42. Ke2 Be7 43. Rb1 Ra4 44. Nc1 b4 45. cxb4 axb4 46. Nd3
Ra7 47. Rb2 Rb7 48. Rb3 g5 49. Ne5 f6 50. Nc6 Bf8 51. Kd3 Rb6 52. Na5 Ra6 53.
Nc4 Kf7 54. Rb2 Kg6 55. Kc2 Ra1 56. Rb1 Ra2+ 57. Rb2 Ra8 58. Rb1 Rc8 59. Kb3
Rd8 60. Rd1 Bc5 61. dxc5 Rxd1 62. c6 Rd3+ 63. Kxb4 Rxh3 64. c7 Rh8 65. Nd6 f5
66. f3 Kf6 67. Kc3 Ke7 68. c8=Q Rxc8+ 69. Nxc8+ Kd7 70. Nb6+ Kc6 71. Nc4 Kd5
72. Kd3 g6 73. Ne3+ Ke5 74. Ng2 Kd5 75. Ne1 e5 76. Nc2 e4+ 77. fxe4+ Ke5 78.
Ke3 fxg4 79. Ne1 g3 80. Ng2 g4 81. Kd3 g5 82. Ke3 Ke6 83. Kd4 Kd6 84. e5+ Ke7
85. Kd5 Kd7 86. e6+ Ke7 87. Ke5 Ke8 88. Kf6 Kf8 89. Ne3 Ke8 90. e7 1-0

[Event "Ïåðâåíñòâî Ìîñêâû "]
[Site "ÐœÐ¾Ñ�ÐºÐ²Ð°, ÐœÐ“Ð˜ÐœÐž Ð¿Ñ€."]
[Date "2018.11.24"]
[Round "8.3"]
[White "Rostovtsev, Dmitry"]
[Black "Timofeev, Lev"]
[Result "0-1"]
[WhiteElo "1321"]
[BlackElo "1802"]
[PlyCount "98"]
[EventDate "2018.11.18"]

1. e4 c5 2. Nf3 e6 3. d4 cxd4 4. Nxd4 a6 5. c4 Qc7 6. Nc3 Nf6 7. Be3 d6 8. f3
Be7 9. Be2 b6 10. Qd2 Bb7 11. O-O O-O 12. Rac1 Nbd7 13. Rfd1 Rfe8 14. Kh1 Rac8
15. a3 Qb8 16. b4 Bd8 17. Bg1 Bc7 18. Qa2 h5 19. Na4 h4 20. c5 dxc5 21. bxc5
Bf4 22. Rc2 bxc5 23. Nb3 h3 24. Nbxc5 Nxc5 25. Nxc5 Qa8 26. Nxb7 hxg2+ 27. Kxg2
Qxb7 28. Rb1 Qe7 29. h4 Nh5 30. Bxa6 Rxc2+ 31. Qxc2 Qxh4 32. Bb5 Rd8 33. Rd1
Bd2 34. Qc5 Ba5 35. Rxd8+ Bxd8 36. Be3 g6 37. Qc8 Kg7 38. Bd4+ Bf6 39. Bxf6+
Qxf6 40. Qc2 Nf4+ 41. Kf2 Qd4+ 42. Ke1 Qe3+ 43. Kd1 Qxf3+ 44. Kc1 e5 45. Bc4
Qxa3+ 46. Kb1 Qb4+ 47. Ka2 g5 48. Qb3 Qd2+ 49. Qb2 Qa5+ 0-1

[Event "Ïåðâåíñòâî Ìîñêâû "]
[Site "ÐœÐ¾Ñ�ÐºÐ²Ð°, ÐœÐ“Ð˜ÐœÐž Ð¿Ñ€."]
[Date "2018.11.24"]
[Round "8.4"]
[White "Titov, Alexander"]
[Black "Fridman, Roman A"]
[Result "1-0"]
[WhiteElo "1922"]
[BlackElo "1705"]
[PlyCount "85"]
[EventDate "2018.11.18"]

1. d4 Nf6 2. c4 b6 3. Nf3 Bb7 4. g3 Bxf3 5. exf3 e6 6. Bg2 c6 7. Nc3 d5 8. cxd5
cxd5 9. Bf4 Bd6 10. Qa4+ Ke7 11. Bxd6+ Qxd6 12. Nb5 Qd7 13. Rc1 Nc6 14. Nc7
Rac8 15. Rxc6 Rxc7 16. Qb4+ Ke8 17. Rxc7 Qxc7 18. Kd2 Qe7 19. Qa4+ Qd7 20. Qa6
Ke7 21. Rc1 Ne8 22. Rc8 Kf6 23. Ra8 Nc7 24. Rxa7 Nxa6 25. Rxd7 Nb4 26. Rb7 Rc8
27. a3 Rc2+ 28. Ke3 Nc6 29. Rxb6 Na5 30. Bf1 Rc1 31. Bd3 h5 32. Rb5 Nc6 33. Rc5
Rxc5 34. dxc5 e5 35. b4 Ke6 36. b5 Na5 37. b6 f5 38. Ba6 Kd7 39. Bb5+ Ke6 40.
c6 d4+ 41. Ke2 e4 42. b7 d3+ 43. Kd1 1-0

[Event "Ïåðâåíñòâî Ìîñêâû "]
[Site "ÐœÐ¾Ñ�ÐºÐ²Ð°, ÐœÐ“Ð˜ÐœÐž Ð¿Ñ€."]
[Date "2018.11.24"]
[Round "8.5"]
[White "Arbuzov, Timofey"]
[Black "Larichev, Prokhor"]
[Result "1-0"]
[WhiteElo "1789"]
[BlackElo "1848"]
[PlyCount "59"]
[EventDate "2018.11.18"]

1. d4 d5 2. c4 e6 3. Nc3 c6 4. e3 Nf6 5. Bd2 Nbd7 6. Rc1 Bd6 7. cxd5 exd5 8.
Bd3 O-O 9. Nge2 Re8 10. f3 Nh5 11. g3 Nb6 12. O-O Bh3 13. Rf2 f5 14. Qc2 g6 15.
Kh1 Qf6 16. Ng1 f4 17. gxf4 Bf5 18. b3 Ng7 19. Nge2 Qh4 20. Ng3 Bxd3 21. Qxd3
g5 22. Rg2 Rf8 23. Rcg1 Kh8 24. Nf1 h6 25. fxg5 Rxf3 26. Qg6 Nf5 27. Qf6+ Kh7
28. g6+ Kg8 29. Qf7+ Kh8 30. Qh7# 1-0

[Event "Ïåðâåíñòâî Ìîñêâû "]
[Site "ÐœÐ¾Ñ�ÐºÐ²Ð°, ÐœÐ“Ð˜ÐœÐž Ð¿Ñ€."]
[Date "2018.11.24"]
[Round "8.6"]
[White "Shirokikh, Ivan"]
[Black "Kirushin, Ivan"]
[Result "0-1"]
[WhiteElo "1473"]
[BlackElo "1801"]
[PlyCount "58"]
[EventDate "2018.11.18"]

1. e4 c5 2. Nf3 a6 3. d4 cxd4 4. Nxd4 e6 5. Nc3 Qc7 6. Be3 Bb4 7. Nde2 Nf6 8.
a3 Be7 9. Ng3 d6 10. Be2 b6 11. O-O Bb7 12. Qd2 Nbd7 13. f4 O-O 14. Bf3 Rfd8
15. f5 e5 16. Nh5 Nxh5 17. Bxh5 Nf6 18. Bf3 Rac8 19. Rf2 b5 20. Rd1 Qc4 21. Qd3
b4 22. axb4 Qxb4 23. Nd5 Bxd5 24. exd5 e4 25. Bd2 Qxb2 26. Bxe4 Nxe4 27. Qxe4
Qxc2 28. Qb4 Rc4 29. Bf4 Qe4 {çàïèñü íå ÿñíà} 0-1

[Event "Ïåðâåíñòâî Ìîñêâû "]
[Site "ÐœÐ¾Ñ�ÐºÐ²Ð°, ÐœÐ“Ð˜ÐœÐž Ð¿Ñ€."]
[Date "2018.11.24"]
[Round "8.7"]
[White "Baituganov, Vyacheslav"]
[Black "Kurus, Artem"]
[Result "1-0"]
[WhiteElo "1677"]
[BlackElo "1800"]
[PlyCount "80"]
[EventDate "2018.11.18"]

1. e4 Nc6 2. d4 d5 3. e5 f6 4. f4 Bf5 5. Nf3 e6 6. Bd3 Be4 7. Be3 Qd7 8. Nc3
Bb4 9. O-O Bxc3 10. bxc3 Nge7 11. Qe2 Bxd3 12. Qxd3 Na5 13. Nd2 Qc6 14. Rfb1 a6
15. a4 O-O 16. g4 Nc8 17. Bf2 Nb6 18. Nb3 Nbc4 19. Nc5 b6 20. Nb3 fxe5 21. fxe5
Rf4 22. Bg3 Rxg4 23. Rf1 Qd7 24. Rf3 Nc6 25. Raf1 Ne7 26. Rf7 Qe8 27. Qf3 Rg6
28. Kh1 Nf5 29. Rxf5 exf5 30. Qxd5+ Kh8 31. Qxc4 c5 32. Rxf5 Qd7 33. Qf7 Qc8
34. Rf1 Re6 35. Nd2 Re8 36. Qc4 b5 37. Qb3 Qg4 38. axb5 axb5 39. Kg2 Rf8 40.
Nf3 h6 1-0

[Event "Ïåðâåíñòâî Ìîñêâû "]
[Site "ÐœÐ¾Ñ�ÐºÐ²Ð°, ÐœÐ“Ð˜ÐœÐž Ð¿Ñ€."]
[Date "2018.11.24"]
[Round "8.8"]
[White "Karlov, Egor"]
[Black "Kim, Andrey"]
[Result "0-1"]
[WhiteElo "1685"]
[BlackElo "1913"]
[PlyCount "77"]
[EventDate "2018.11.18"]

1. Nf3 d5 2. g3 Nf6 3. Bg2 Bf5 4. O-O e6 5. d3 h6 6. c4 c6 7. cxd5 exd5 8. e4
dxe4 9. dxe4 Qxd1 10. Rxd1 Be6 11. Nd4 Bg4 12. f3 Bd7 13. Nc3 Bc5 14. Be3 Na6
15. Nc2 O-O-O 16. h3 Rhe8 17. Bf1 Bb6 18. Bxb6 axb6 19. Ne3 b5 20. Rac1 Kb8 21.
Bg2 g6 22. a3 Nh5 23. Kh2 g5 24. Ne2 f5 25. Nxf5 Bxf5 26. Rxd8+ Rxd8 27. exf5
Rd2 28. Re1 Rxb2 29. g4 Nf6 30. Ng3 Nd5 31. Nh5 Nc5 32. f6 Nd7 33. f7 Kc7 34.
Ng7 Ra2 35. Ne8+ Kb6 36. Kh1 Rxa3 37. Rd1 Re3 38. Ra1 Re6 39. f4 {
çàïèñü íå ÿñíà} 0-1

[Event "Ïåðâåíñòâî Ìîñêâû "]
[Site "ÐœÐ¾Ñ�ÐºÐ²Ð°, ÐœÐ“Ð˜ÐœÐž Ð¿Ñ€."]
[Date "2018.11.24"]
[Round "8.9"]
[White "Ivanov, Artem T"]
[Black "Sakovich, Luka"]
[Result "0-1"]
[WhiteElo "1850"]
[BlackElo "1745"]
[PlyCount "80"]
[EventDate "2018.11.18"]

1. e4 e5 2. Nf3 Nc6 3. Bb5 a6 4. Ba4 Nf6 5. O-O Be7 6. d3 b5 7. Bb3 d6 8. a4 b4
9. a5 Bg4 10. Ba4 Bd7 11. Nbd2 O-O 12. Nc4 Na7 13. Bb3 Bg4 14. h3 Be6 15. Re1
Nb5 16. Be3 Nd7 17. Qd2 Rb8 18. Nh2 d5 19. exd5 Bxd5 20. Ng4 f6 21. Rad1 Nc5
22. Ba2 Ne6 23. c3 f5 24. Ngxe5 f4 25. Bd4 Nexd4 26. cxd4 Nxd4 27. b3 f3 28. g3
Bg5 29. Qb2 Qc8 30. Kh2 Rf4 31. Rh1 Ne2 32. Rdg1 Rf6 33. Ng4 Qxg4 34. Qxf6 Qh5
35. Qe5 Bf7 36. h4 h6 37. Qc5 Be6 38. Ne3 Rb5 39. Qc6 Re5 40. Ng2 Qg4 0-1

[Event "Ïåðâåíñòâî Ìîñêâû "]
[Site "ÐœÐ¾Ñ�ÐºÐ²Ð°, ÐœÐ“Ð˜ÐœÐž Ð¿Ñ€."]
[Date "2018.11.24"]
[Round "8.10"]
[White "Gerasimov, Vadim"]
[Black "Makshanov, Matvey"]
[Result "1-0"]
[WhiteElo "1836"]
[BlackElo "1555"]
[PlyCount "67"]
[EventDate "2018.11.18"]

1. e4 e5 2. Nf3 Nc6 3. Bc4 Bc5 4. c3 Nf6 5. d3 O-O 6. O-O d6 7. Bg5 h6 8. Bh4
a5 9. Nbd2 Be6 10. a4 Qe7 11. Bb3 Bxb3 12. Nxb3 Bb6 13. Re1 Qe6 14. d4 exd4 15.
cxd4 d5 16. Bxf6 gxf6 17. Nh4 f5 18. Nxf5 dxe4 19. Qh5 Qg6 20. Qh3 Rfe8 21. Re3
Kf8 22. Rg3 Qf6 23. Nxh6 Ke7 24. Nf5+ Kd8 25. Rd1 Ne7 26. Ng7 Rg8 27. Nc5 Qc6
28. Qh4 Qd5 29. Nf5 Rxg3 30. Qxe7+ Kc8 31. Qe8+ Qd8 32. Ne7+ Kb8 33. Qxd8+ Ka7
34. Qd5 1-0

[Event "Ïåðâåíñòâî Ìîñêâû "]
[Site "ÐœÐ¾Ñ�ÐºÐ²Ð°, ÐœÐ“Ð˜ÐœÐž Ð¿Ñ€."]
[Date "2018.11.24"]
[Round "8.11"]
[White "Saikin, Ilia"]
[Black "Zagorskii, Artem"]
[Result "1/2-1/2"]
[WhiteElo "1657"]
[BlackElo "1746"]
[PlyCount "28"]
[EventDate "2018.11.18"]

1. c4 f5 2. d4 Nf6 3. Nf3 g6 4. Nc3 Bg7 5. h4 d6 6. Bf4 Nh5 7. g3 O-O 8. Qd2 c6
9. Bg2 Qe8 10. d5 Bf6 11. Bh6 Bg7 12. Bf4 Bf6 13. Bh6 Bg7 14. Bf4 Bf6 1/2-1/2

[Event "Ïåðâåíñòâî Ìîñêâû "]
[Site "ÐœÐ¾Ñ�ÐºÐ²Ð°, ÐœÐ“Ð˜ÐœÐž Ð¿Ñ€."]
[Date "2018.11.24"]
[Round "8.12"]
[White "Soloviev, Vladislav"]
[Black "Gubanov, Timofey"]
[Result "1-0"]
[WhiteElo "1919"]
[BlackElo "1666"]
[PlyCount "59"]
[EventDate "2018.11.18"]

1. e4 e5 2. Nc3 Nf6 3. f4 Bb4 4. fxe5 Bxc3 5. dxc3 Nxe4 6. Qg4 Nc5 7. Qxg7 Qh4+
8. Kd1 Rf8 9. Nf3 Qh5 10. g4 Qg6 11. Qxg6 fxg6 12. Ng5 d6 13. Nxh7 Bxg4+ 14.
Ke1 Bf3 15. Bb5+ c6 16. Rf1 Rf5 17. Bd3 Nxd3+ 18. cxd3 Rxe5+ 19. Kf2 Be2 20.
Re1 Bxd3 21. Bf4 Rxe1 22. Rxe1+ Kd7 23. Nf6+ Kc7 24. Re7+ Kb6 25. Re8 Kc7 26.
Rh8 a5 27. Ne8+ Kb6 28. Nxd6 Ka7 29. Rh7 Ba6 30. Nc8# 1-0

[Event "Ïåðâåíñòâî Ìîñêâû "]
[Site "ÐœÐ¾Ñ�ÐºÐ²Ð°, ÐœÐ“Ð˜ÐœÐž Ð¿Ñ€."]
[Date "2018.11.24"]
[Round "8.13"]
[White "Nasyrov, Anton"]
[Black "Boger, Juri"]
[Result "1/2-1/2"]
[WhiteElo "1738"]
[BlackElo "1672"]
[PlyCount "91"]
[EventDate "2018.11.18"]

1. e4 d6 2. d4 g6 3. Nc3 Bg7 4. Be3 Nd7 5. f3 c6 6. Qd2 b5 7. a3 a6 8. g4 Nb6
9. h4 h5 10. gxh5 Rxh5 11. Be2 Nc4 12. Bxc4 bxc4 13. Nge2 e6 14. O-O-O Nf6 15.
Bg5 Qb6 16. Na4 Qb5 17. Qb4 Qxb4 18. axb4 Rb8 19. Ng3 Rh8 20. Bd2 Nh5 21. Ne2
Bd7 22. b3 cxb3 23. cxb3 Ke7 24. Kc2 Bf6 25. Kc3 Rhc8 26. Bg5 c5 27. Bxf6+ Nxf6
28. bxc5 Bxa4 29. bxa4 dxc5 30. d5 e5 31. Rb1 Kd6 32. Kc4 Nd7 33. a5 Rb5 34.
Rxb5 axb5+ 35. Kxb5 Rb8+ 36. Kc4 Rb4+ 37. Kc3 Ra4 38. Kb3 Rxa5 39. Nc3 Nb6 40.
h5 gxh5 41. Rxh5 Nd7 42. Rh8 Ra1 43. Re8 Ra5 44. Rh8 Ra1 45. Re8 Ra5 46. Rh8
1/2-1/2

[Event "Ïåðâåíñòâî Ìîñêâû "]
[Site "ÐœÐ¾Ñ�ÐºÐ²Ð°, ÐœÐ“Ð˜ÐœÐž Ð¿Ñ€."]
[Date "2018.11.24"]
[Round "8.14"]
[White "Ochirov, Lidzhi"]
[Black "Rustamov, Sezqin"]
[Result "1/2-1/2"]
[WhiteElo "1661"]
[BlackElo "1638"]
[PlyCount "83"]
[EventDate "2018.11.18"]

1. d4 d5 2. Nf3 Nf6 3. Bf4 e6 4. e3 Be7 5. Be2 O-O 6. O-O c5 7. c4 b6 8. Nc3
Bb7 9. dxc5 Bxc5 10. Qc2 Qe7 11. Rfd1 dxc4 12. Ne5 Nc6 13. Nxc6 Bxc6 14. Bxc4
Qb7 15. Bf1 h6 16. a3 Nd5 17. Nxd5 Bxd5 18. b4 Be7 19. Qb2 Bf6 20. Be5 Bxe5 21.
Qxe5 Qb8 22. Qb2 a5 23. b5 Rd8 24. Rd2 a4 25. Rc2 Bb3 26. Rc6 Bd5 27. Rc2 Bb3
28. Rc6 Bd5 29. Rc3 Qe5 30. Rac1 Qf6 31. Qb4 Rd7 32. e4 Bb3 33. Rc8+ Rxc8 34.
Rxc8+ Kh7 35. Rc6 Qa1 36. e5 Rd1 37. Qe4+ g6 38. Qe2 Re1 39. Qd3 Bd1 40. Rc7
Kg7 41. Rxf7+ Kxf7 42. Qd7+ 1/2-1/2

[Event "Ïåðâåíñòâî Ìîñêâû "]
[Site "ÐœÐ¾Ñ�ÐºÐ²Ð°, ÐœÐ“Ð˜ÐœÐž Ð¿Ñ€."]
[Date "2018.11.24"]
[Round "8.15"]
[White "Kushnarenko, Egor"]
[Black "Ratataev, Ilya"]
[Result "1-0"]
[WhiteElo "1722"]
[BlackElo "1425"]
[PlyCount "77"]
[EventDate "2018.11.18"]

1. e4 c5 2. Nf3 e6 3. c4 Nc6 4. d4 cxd4 5. Nxd4 Nf6 6. Nc3 Bb4 7. f3 Qa5 8.
Nxc6 Bxc3+ 9. bxc3 bxc6 10. Qd4 e5 11. Qd3 h6 12. Be2 O-O 13. O-O Ba6 14. Qe3
Rfe8 15. Bd2 Qa4 16. Rfb1 Rab8 17. Rb4 Rxb4 18. cxb4 Qc2 19. Bc3 Qa4 20. Bd1
Qa3 21. Bb3 Bb7 22. Rd1 Qa6 23. a4 Qb6 24. Kf2 Qxe3+ 25. Kxe3 Re7 26. b5 c5 27.
Ba5 Kf8 28. Bd8 Re6 29. Bxf6 gxf6 30. Rxd7 Re7 31. Rd8+ Re8 32. Rd2 Ke7 33. Kf2
Rg8 34. a5 a6 35. b6 Bc6 36. Rd1 Rd8 37. Rxd8 Kxd8 38. Kg3 Ke8 39. Ba4 1-0

[Event "Ïåðâåíñòâî Ìîñêâû "]
[Site "ÐœÐ¾Ñ�ÐºÐ²Ð°, ÐœÐ“Ð˜ÐœÐž Ð¿Ñ€."]
[Date "2018.11.24"]
[Round "8.16"]
[White "Matevosyan, Matevos"]
[Black "Vorontsov, Alexandr"]
[Result "1-0"]
[WhiteElo "1499"]
[BlackElo "1643"]
[PlyCount "52"]
[EventDate "2018.11.18"]

1. d4 d5 2. c4 c6 3. Nf3 Nf6 4. g3 Bf5 5. Bg2 e6 6. O-O Bd6 7. Nc3 O-O 8. Nh4
Bg4 9. Qc2 Be7 10. Nf3 Na6 11. Rd1 Nb4 12. Qb3 Bf5 13. Re1 a5 14. c5 Qd7 15.
Na4 Bd8 16. a3 Na6 17. Nc3 Ne4 18. Ne5 Qc8 19. f3 Nf6 20. Bf4 Nd7 21. Nd3 Bc7
22. Be3 h5 23. Bf2 Qb8 24. Ne5 Naxc5 25. dxc5 Nxc5 26. Bxc5 Bxe5 {
çàïèñü íå ÿñíà} 1-0